<?xml version="1.0" encoding="UTF-8"?>
<record
    xmlns:xsi="http://www.w3.org/2001/XMLSchema-instance"
    xsi:schemaLocation="http://www.loc.gov/MARC21/slim http://www.loc.gov/standards/marcxml/schema/MARC21slim.xsd"
    xmlns="http://www.loc.gov/MARC21/slim">

  <leader>01122naa a2200217 i 4500</leader>
  <controlfield tag="001">656</controlfield>
  <controlfield tag="003">KOSZ 005</controlfield>
  <controlfield tag="005">20180427121826.0</controlfield>
  <controlfield tag="008">140222s2005    pl     f     |100 0 pol</controlfield>
  <datafield tag="040" ind1=" " ind2=" ">
    <subfield code="c">KOSZ 005</subfield>
    <subfield code="a">KOSZ 005</subfield>
    <subfield code="d">KOSZ 005/HR</subfield>
  </datafield>
  <datafield tag="080" ind1=" " ind2=" ">
    <subfield code="a">621.56/.59</subfield>
  </datafield>
  <datafield tag="100" ind1="1" ind2=" ">
    <subfield code="a">BOHDAL, Tadeusz.</subfield>
    <subfield code="d">1996 -  .</subfield>
    <subfield code="b">Politechnika Koszali&#x144;ska - Wydzia&#x142; Mechaniczny,</subfield>
    <subfield code="c">Katedra Techniki Cieplnej i Ch&#x142;odnictwa</subfield>
  </datafield>
  <datafield tag="245" ind1="1" ind2="0">
    <subfield code="a">Skraplanie czynnika ch&#x142;odniczego w warunkach zaburze&#x144; jednostkowych /</subfield>
    <subfield code="c">T. Bohdal, M. &#x141;omiak.</subfield>
  </datafield>
  <datafield tag="500" ind1=" " ind2=" ">
    <subfield code="a">Dane z bibliografii za&#x142;&#x105;cznikowej.</subfield>
  </datafield>
  <datafield tag="650" ind1=" " ind2="0">
    <subfield code="a">Ch&#x142;odnictwo - urz&#x105;dzenia.</subfield>
  </datafield>
  <datafield tag="655" ind1=" " ind2="0">
    <subfield code="a">Materia&#x142;y konferencyjne.</subfield>
  </datafield>
  <datafield tag="655" ind1=" " ind2="0">
    <subfield code="a">Dokumenty elektroniczne</subfield>
  </datafield>
  <datafield tag="711" ind1="2" ind2="2">
    <subfield code="a">Warsztaty Modelowanie przep&#x142;yw&#xF3;w wielofazowych w uk&#x142;adach termochemicznych</subfield>
    <subfield code="n">(5 ;</subfield>
    <subfield code="d">2005 ;</subfield>
    <subfield code="c">Stawiska k/Ko&#x15B;cierzyny, Polska).</subfield>
  </datafield>
  <datafield tag="773" ind1="0" ind2=" ">
    <subfield code="t">Modelowanie przep&#x142;yw&#xF3;w wielofazowych w uk&#x142;adach termochemicznych zaawansowane techniki pomiarowe : V warsztaty, Stawiska k. Ko&#x15B;cierzyny, 02-04.09.2005. - </subfield>
    <subfield code="d">Gda&#x144;sk :  Wydaw. Instytutu Maszyn Przep&#x142;ywowych PAN, 2005. -</subfield>
    <subfield code="g">s. 9.</subfield>
    <subfield code="z">8388237950 </subfield>
  </datafield>
  <datafield tag="942" ind1=" " ind2=" ">
    <subfield code="c">ROZ</subfield>
    <subfield code="2">UKD</subfield>
  </datafield>
  <datafield tag="999" ind1=" " ind2=" ">
    <subfield code="c">656</subfield>
    <subfield code="d">656</subfield>
  </datafield>
</record>
